000 01321aab a2200229 i 4500
001 768714001
003 CO-MdFUSB
005 20230111093719.0
008 161108s1997 gt ||||| |||| 00| 0 spa d
022 _a1014-9341
040 _aCO-MdFUSB
_bspa
_cCO-MdFUSB
_dCO-MdFUSB
041 _aspa
100 1 _aBreneman, Mervin (1930-)
_eautor
245 1 0 _aCosmovisión bíblica frente al paganismo moderno
_b(segunda de dos partes)
_c/ Dr. Mervin Breneman
300 _aNúmero 21 (Julio- Diciembre, 1997), páginas 7-28
_c; 22 cm
520 _aLa cosmovisión pagana antigua comparte con el humanismo racionalista, el pos- modernismo y la nueva era una especie de pensamiento panteísta. Como resultado, los conceptos de la naturaleza y del ser humano en estos movimientos difieren significativamente de los conceptos bíblicos. Frente a estas diferencias, los cristianos son llamados a cuidar la naturaleza de manera responsable, conocer a Dios por medio de Jesucristo, ser protagonista en la historia y proclamar la palabra de Dios.
546 _aTexto en Español
653 _aCosmovisión cristiana
773 0 _tKairós
_049489
_961202
_gNúmero 21 (julio- diciembre, 1997), páginas 7-28
_qPágina 7
773 0 _049489
_981311
_gNúmero 21 (julio- diciembre, 1997), páginas 7-28
_qPágina 7
_tKairós
942 _cANA
999 _c51202
_d51202